| 000 | 00360 a2200121 4500 | ||
|---|---|---|---|
| 001 | 64351 | ||
| 082 | _a510.24621 THU | ||
| 090 |
_c37986 _d37986 |
||
| 100 | _aThurstone L.L | ||
| 245 | _aMultiple-Factor Analysis: A Development and expansion of the vectors of Mind v 42 | ||
| 260 |
_aChicago _bThe University of Chicago Press _c1947 |
||
| 300 | _a535 p. | ||
| 942 |
_aNUST-CAE _k510.24621 THU |
||
| 999 |
_c299424 _d299424 |
||